000 00849nam a2200253 a 4500
001 67849
003 BD-RjUL
005 20211209081711.0
008 700820s1968 paua b 001 0 eng
035 _a(BD-RjUL)68058
040 _aDLC
_cDLC
_dDLC
_dICU
_dBD-RjUL
_beng
041 _aeng
082 0 0 _223
_a539.72112
_bFRM 1968
100 1 _aFraga, Serafin
_9201141
245 1 0 _aMany-electron systems :
_bproperties and interactions /
_cSerafin Fraga and Gulzari Malli.
260 _aPhiladelphia :
_bSaunders,
_c1968.
300 _axvi, 196 p. :
_bill. ;
_c24 cm.
504 _aIncludes bibliographies and index
650 0 _aElectrons.
_9163105
700 1 _aMalli, G. L.,
_ejoint author.
_9201143
830 _aStudies in physics and chemistry ;
_vno. 7
_9201145
942 _2ddc
_cBK
999 _c67849
_d67849